[Event "New Delhi Parsvnath op-B 16th"]
[Site "New Delhi"]
[Date "2018.01.09"]
[Round "1"]
[White "Sachin, Malik"]
[Black "Routray, Priyanka"]
[Result "1-0"]
[WhiteElo "1979"]
[BlackElo "1543"]
[PlyCount "129"]
[EventDate "2018.01.09"]
[EventType "swiss"]
[EventRounds "10"]
[EventCountry "IND"]
[SourceTitle "CBM 182 Extra"]
[Source "ChessBase"]
[SourceDate "2018.02.23"]
[SourceVersion "1"]
[SourceVersionDate "2018.02.23"]
[SourceQuality "1"]

1. e4 e5 2. Nf3 Nc6 3. Bb5 a6 4. Ba4 Nf6 5. Qe2 b5 6. Bb3 Be7 7. c3 d6 8. 0-0 Na5 9. Bc2 c5 10. d4 cxd4 11. cxd4 Bg4 12. Nbd2 Rc8 13. Bb1 Nc6 14. Qd3 0-0 15. d5 Na5 16. h3 Bh5 17. a4 Nc4 18. b3 Nxd2 19. Nxd2 Qb6 20. Re1 Rc7 21. axb5 axb5 22. Nf1 Bg6 23. Be3 Qb8 24. Nd2 Rfc8 25. Ra5 Rb7 26. b4 Bd8 27. Ra6 Bb6 28. Bxb6 Rxb6 29. Ra5 Qb7 30. Qe2 Ra8 31. Bd3 Rxa5 32. bxa5 Ra6 33. Nb3 Ra8 34. f3 b4 35. Qe3 Qa7 36. Qxa7 Rxa7 37. Rc1 Kf8 38. Bb5 Ke7 39. Rc4 Nd7 40. Rxb4 f6 41. Bc6 Be8 42. Rb7 Rxb7 43. Bxb7 Kd8 44. Bc6 Nb8 45. Bxe8 Kxe8 46. Nd2 Kd7 47. Nc4 Na6 48. Kf2 Nc5 49. Ke3 g6 50. h4 f5 51. exf5 gxf5 52. g4 f4+ 53. Ke2 Na6 54. g5 Nb4 55. h5 Ke7 56. h6 Kf7 57. Nxd6+ Kg6 58. Ne4 Nxd5 59. a6 Nb6 60. a7 Na8 61. Kd3 Nb6 62. Kc3 Kf5 63. Kb4 Na8 64. Kc5 Nc7 65. Kc6 1-0

[Event "IND-ch U13 Girls 31st"]
[Site "Jalandhar"]
[Date "2017.06.25"]
[Round "7"]
[White "Routray, Priyanka"]
[Black "Abhirami, Madabushi"]
[Result "1/2-1/2"]
[WhiteElo "1605"]
[BlackElo "1536"]
[PlyCount "136"]
[EventDate "2017.06.21"]
[EventType "swiss"]
[EventRounds "11"]
[EventCountry "IND"]
[SourceTitle "CBM 179 Extra"]
[Source "ChessBase"]
[SourceDate "2017.08.23"]
[SourceVersion "1"]
[SourceVersionDate "2017.08.23"]
[SourceQuality "1"]

1. e4 Nf6 2. Nc3 d5 3. exd5 Nxd5 4. Nxd5 Qxd5 5. Nf3 g6 6. d4 Bg7 7. c3 0-0 8. Be2 b6 9. 0-0 Bb7 10. Be3 Qd6 11. Qd2 Nc6 12. Bh6 Rad8 13. Bxg7 Kxg7 14. Qe3 e6 15. Rad1 Ne7 16. Qe5+ f6 17. Qxd6 Rxd6 18. Rfe1 Nd5 19. g3 Re8 20. Nd2 Kf7 21. Ne4 Rdd8 22. Bf3 Ba8 23. Bg2 Ne7 24. f4 Nf5 25. Kf2 h5 26. h3 Kg7 27. Rd2 Bxe4 28. Bxe4 e5 29. Bxf5 gxf5 30. Rde2 e4 31. Rg1 Kg6 32. Ke3 Rg8 33. Reg2 Rh8 34. c4 c5 35. d5 b5 36. b3 bxc4 37. bxc4 Rb8 38. Rc1 Rb4 39. Rcc2 Rd8 40. Rgd2 Rd6 41. g4 hxg4 42. hxg4 fxg4 43. Kxe4 Rb8 44. Ke3 Kf5 45. Re2 Rh8 46. Rh2 Re8+ 47. Kd3 Kxf4 48. Rcf2+ Kg5 49. Rh7 Ra6 50. Rg7+ Kh6 51. Rb7 Ra3+ 52. Rb3 Rxb3+ 53. axb3 Kg5 54. b4 cxb4 55. c5 f5 56. d6 Kf6 57. d7 Rd8 58. c6 Ke6 59. Kc4 Kd6 60. Rxf5 Kxc6 61. Rg5 Rxd7 62. Rxg4 a5 63. Rg5 Kb6 64. Rg6+ Kb7 65. Rg5 Rc7+ 66. Kb5 b3 67. Ka4 Rc4+ 68. Kxb3 Rb4+ 1/2-1/2

[Event "IND-ch U13 Girls 31st"]
[Site "Jalandhar"]
[Date "2017.06.24"]
[Round "6"]
[White "Chopdekar, Gunjal"]
[Black "Routray, Priyanka"]
[Result "1/2-1/2"]
[WhiteElo "1522"]
[BlackElo "1605"]
[PlyCount "98"]
[EventDate "2017.06.21"]
[EventType "swiss"]
[EventRounds "11"]
[EventCountry "IND"]
[SourceTitle "CBM 179 Extra"]
[Source "ChessBase"]
[SourceDate "2017.08.23"]
[SourceVersion "1"]
[SourceVersionDate "2017.08.23"]
[SourceQuality "1"]

1. d4 d5 2. Nf3 Nf6 3. e3 c6 4. Bd3 Bg4 5. Nbd2 e6 6. c4 Nbd7 7. b3 Be7 8. 0-0 0-0 9. Bb2 Rc8 10. Be2 h6 11. h3 Bf5 12. Ne1 Bg6 13. Bd3 Ne4 14. Nxe4 dxe4 15. Bc2 Nf6 16. f4 Nd7 17. Kh2 f5 18. Qd2 Nf6 19. Bd1 c5 20. Be2 cxd4 21. Bxd4 Bc5 22. Nc2 Bxd4 23. Qxd4 a6 24. Rad1 Qxd4 25. Rxd4 Rfd8 26. Rfd1 Rxd4 27. Rxd4 Bf7 28. Rd1 Kf8 29. Kg1 Nd5 30. Rd2 Nc3 31. Nd4 Nxe2+ 32. Rxe2 Ke7 33. Rc2 Kf6 34. Rd2 e5 35. Ne2 exf4 36. Nxf4 Rc7 37. g3 g5 38. Ne2 Ke5 39. Kf2 Be6 40. Rd8 Rd7 41. Re8 Kf6 42. Nd4 Bf7 43. Rh8 Kg7 44. Rc8 Kf6 45. Rh8 Kg7 46. Rc8 Kf6 47. Rh8 Kg6 48. Rc8 Kf6 49. Rh8 Kg7 1/2-1/2

[Event "IND-ch Challengers (Women) 43rd"]
[Site "Chennai"]
[Date "2016.06.21"]
[Round "7"]
[White "Routray, Priyanka"]
[Black "Bindu, Saritha K"]
[Result "0-1"]
[WhiteElo "1402"]
[BlackElo "1693"]
[PlyCount "116"]
[EventDate "2016.06.17"]
[EventType "swiss"]
[EventRounds "11"]
[EventCountry "IND"]
[SourceTitle "CBM 173 Extra"]
[Source "ChessBase"]
[SourceDate "2016.08.29"]
[SourceVersion "1"]
[SourceVersionDate "2016.08.29"]
[SourceQuality "1"]

1. e4 d5 2. exd5 Qxd5 3. Nc3 Qa5 4. d4 Nf6 5. Nf3 Ne4 6. Bd2 Nxd2 7. Qxd2 e6 8. Nb5 Qb6 9. Qf4 Bd6 10. Nxd6+ cxd6 11. b3 Qb4+ 12. Qd2 Qxd2+ 13. Kxd2 Nc6 14. c4 b6 15. Be2 Bb7 16. Rhe1 0-0 17. Rac1 Ne7 18. g4 Ng6 19. h4 Rad8 20. h5 Nf4 21. Nh4 g6 22. Ke3 g5 23. Bf1 h6 24. Nf3 f5 25. Nh2 fxg4 26. Nxg4 Kg7 27. Kd2 Bf3 28. Nh2 Bxh5 29. Kc3 Bg6 30. Rcd1 Rde8 31. Rd2 Bf5 32. f3 h5 33. Bg2 Kg6 34. Rg1 Kh6 35. Rh1 Ng6 36. Ng4+ Bxg4 37. fxg4 h4 38. Bc6 Re7 39. a4 Rf4 40. Rg1 Rc7 41. Bh1 Rcf7 42. Bc6 Rf2 43. Rxf2 Rxf2 44. Re1 Nf4 45. a5 Kg6 46. axb6 axb6 47. Ra1 d5 48. Ra6 Rf3+ 49. Kc2 Ne2 50. Be8+ Kf6 51. Rxb6 Nxd4+ 52. Kd1 Rxb3 53. Ra6 dxc4 54. Ra4 Rd3+ 55. Ke1 c3 56. Rc4 c2 57. Rc7 Rd1+ 58. Kf2 c1Q 0-1